|
|
|
|
| LEADER |
00995nam a2200277za 4500 |
| 001 |
001002201 |
| 003 |
CZ BrMZK |
| 005 |
20100715102354.0 |
| 007 |
ta |
| 008 |
090515s1988 enk||||er|||||||||||engod |
| 020 |
|
|
|a 978-0-140-08958-5
|q (brož.)
|
| 040 |
|
|
|a BOA001
|b cze
|
| 080 |
9 |
|
|a 821.111-32
|
| 100 |
1 |
|
|a Mortimer, John Clifford,
|d 1923-2009
|7 jo2002112951
|
| 245 |
1 |
4 |
|a The second Rumpole omnibus /
|c John Mortimer
|
| 246 |
1 |
0 |
|a Rumpole for the defence ;
|
| 246 |
3 |
0 |
|a Rumpole and the golden thread ;
|
| 246 |
3 |
0 |
|a Rumpole's last case
|
| 260 |
|
|
|a London :
|b Penguin Books,
|c 1988
|
| 300 |
|
|
|a 667 s.
|
| 505 |
0 |
|
|a Rumpole for the defence -- Rumpole and the golden thread -- Rumpole's last case
|
| 655 |
|
7 |
|a detektivní příběhy
|7 fd132009
|2 czenas
|
| 910 |
|
|
|a BOA001
|b AK-0000.857
|
| 990 |
|
|
|a BK
|
| 991 |
|
|
|b 200908
|y British Council Brno - Czech Republic
|z 000050792
|x 99
|
| 996 |
7 |
|
|b 261E008303
|c AK-0000.857
|l Anglická knihovna/2.patro
|r ZHR
|n 6
|h F-mor
|w 001002201
|u 000010
|a 0
|e BOA001
|j MZK50
|s A
|